Regional Patterns of Deindustrialization and Prospects for Reindustrialization in South and Central East European Countries (Record no. 8769)
[ view plain ]
| 000 -LEADER | |
|---|---|
| fixed length control field | 02066nam a22003137u 4500 |
| 001 - CONTROL NUMBER | |
| control field | pwiiw3901 |
| 003 - CONTROL NUMBER IDENTIFIER | |
| control field | OSt |
| 005 - DATE AND TIME OF LATEST TRANSACTION | |
| control field | 20260516120107.0 |
| 008 - FIXED-LENGTH DATA ELEMENTS--GENERAL INFORMATION | |
| fixed length control field | 151214t2015 au ||||| |||| 00| ||eng d |
| 040 ## - CATALOGING SOURCE | |
| Transcribing agency | OSt |
| 041 ## - LANGUAGE CODE | |
| Language code of text/sound track or separate title | eng |
| 100 1# - MAIN ENTRY--PERSONAL NAME | |
| Personal name | Aralica, Zoran |
| 245 10 - TITLE STATEMENT | |
| Title | Regional Patterns of Deindustrialization and Prospects for Reindustrialization in South and Central East European Countries |
| 260 ## - PUBLICATION, DISTRIBUTION, ETC. | |
| Place of publication, distribution, etc. | Wien : |
| Name of publisher, distributor, etc. | Wiener Institut für Internationale Wirtschaftsvergleiche (wiiw), |
| Date of publication, distribution, etc. | 2015. |
| 490 1# - SERIES STATEMENT | |
| Series statement | wiiw Balkan Observatory Working Papers |
| Volume/sequential designation | 118 |
| 520 ## - SUMMARY, ETC. | |
| Summary, etc. | Abstract<br/><br/>Past decades in Central and South East European countries have been characterised with shrinking of manufacturing output and employment. However, little is known about the causes, nature and the extent of deindustrialization in these countries at the regional level. The objective of this research is to explore the regional patterns of deindustrialization and determinants of reindustrialization in several CEECs and SEECs. Our analysis presents one of the first attempts to address these processes at regional level while taking into account the spatial effects. A spatial panel Durbin econometric technique is applied to data covering 2006 – 2012 period to discern inter – regional from intra – regional effects. Results of investigation reveal spatial clustering of economic activity. Traits of deindustrialization are observed in metropolitan areas and in regions on eastern belt of these countries while other regions reveal traits of shift towards high technology intensive manufacturing. Recommendations for future policy makers are provided.<br/> |
| 650 ## - SUBJECT ADDED ENTRY--TOPICAL TERM | |
| Topical term or geographic name entry element | deindustrialization |
| 650 ## - SUBJECT ADDED ENTRY--TOPICAL TERM | |
| Topical term or geographic name entry element | reindustrialization |
| 650 ## - SUBJECT ADDED ENTRY--TOPICAL TERM | |
| Topical term or geographic name entry element | regions |
| 650 ## - SUBJECT ADDED ENTRY--TOPICAL TERM | |
| Topical term or geographic name entry element | spatial analysis |
| 651 ## - SUBJECT ADDED ENTRY--GEOGRAPHIC NAME | |
| Geographic name | CEE |
| 651 ## - SUBJECT ADDED ENTRY--GEOGRAPHIC NAME | |
| Geographic name | SEE |
| 690 ## - LOCAL SUBJECT ADDED ENTRY--TOPICAL TERM (OCLC, RLIN) | |
| Topical term or geographic name as entry element | Macroeconomic Analysis and Policy |
| 690 ## - LOCAL SUBJECT ADDED ENTRY--TOPICAL TERM (OCLC, RLIN) | |
| Topical term or geographic name as entry element | Regional Development |
| 700 1# - ADDED ENTRY--PERSONAL NAME | |
| Personal name | Stojčić, Nebojša |
| 830 #0 - SERIES ADDED ENTRY--UNIFORM TITLE | |
| Volume/sequential designation | 118 |
| Bibliographic record control number | WIIW0000140 |
| Title of a work | wiiw Balkan Observatory Working Papers |
| 856 40 - ELECTRONIC LOCATION AND ACCESS | |
| Uniform Resource Identifier | <a href="https://wiiw.ac.at/p-3901.html">https://wiiw.ac.at/p-3901.html</a> |
| 942 ## - ADDED ENTRY ELEMENTS (KOHA) | |
| Koha item type | Paper |
| Source of classification or shelving scheme | Other/Generic Classification Scheme |
| Withdrawn status | Lost status | Damaged status | Not for loan | Home library | Current library | Shelving location | Date acquired | Inventory number | Total Checkouts | Full call number | Barcode | Date last seen | Price effective from | Koha item type |
|---|---|---|---|---|---|---|---|---|---|---|---|---|---|---|
| WIIW | WIIW | Library | 12/14/2015 | pwiiw3901 | 118 | 1000010003901 | 12/14/2015 | 02/05/2019 | Paper |
